Genshin Impact - Personnages Hydro - Statistiques

Statistiques générales
  • Ce quiz a été pris 86 fois
    19 depuis la dernière actualisation
  • Le résultat moyen est 10 sur 15
Answers on the Grid
Answers color-coded by a green-red scale on the quiz's grid according to % correct below.
Albedo
Alhaitham
Aloy
Amber
Arataki Itto
Arlecchino
Baizhu
Barbara
Beidou
Bennett
Candace
Charlotte
Chasca
Chevreuse
Chiori
Chongyun
Citlali
Clorinde
Collei
Cyno
Dehya
Diluc
Diona
Dori
Émilie
Eula
Faruzan
Fischl
Fréminet
Furina
Gaming
Ganyu
Gorou
Hu Tao
Iansan
Jean
Kachina
Kaedehara Kazuha
Kaeya
Kamisato Ayaka
Kamisato Ayato
Kaveh
Keqing
Kinich
Kirara
Klee
Kujou Sara
Kuki Shinobu
Lan Yan
Layla
Lisa
Lynette
Lyney
Mavuika
Mika
Mona
Mualani
Nahida
Navia
Neuvillette
Nilou
Ningguang
Noëlle
Nomade
Ororon
Qiqi
Razor
Rosalia
Sangonomiya Kokomi
Sayu
Sethos
Shenhe
Shikanoin Heizou
Shogun Raiden
Sigewinne
Sucrose
Tartaglia
Thomas
Tighnari
Varesa
Venti
Wriothesley
Xiangling
Xianyun
Xiao
Xilonen
Xingqiu
Xinyan
Yae Miko
Yanfei
Yaoyao
Yelan
Yoimiya
Yumemizuki Mizuki
Yun Jin
Zhongli
Ifa
Escoffier
Skirk
Lauma
Flins
Ineffa
Aino
Dahlia
 
Statistiques - réponses
Réponse % Correct
Mona
90%
Barbara
80%
Mualani
80%
Sigewinne
80%
Aino
70%
Neuvillette
70%
Nilou
70%
Yelan
70%
Candace
60%
Furina
60%
Kamisato Ayato
60%
Sangonomiya Kokomi
60%
Tartaglia
60%
Xingqiu
60%
Dahlia
50%
Aucun quiz correspondant
Distribution des résultats
% des personnes avec chaque résultat
Percentile par nombre de réponses
Votre historique - résultats
Vous n’avez pas pris ce quiz depuis la dernière actualisation